000 005420000a22001690004500
041 0 _aENG
082 0 4 _aG 297 Z978h
100 1 _aZwemer, Samuel M. (Marinus) (1867-)
245 1 0 _aHeirs of the prophets : An account of the clergy and priests of Islam, the personnel of the mosque and "holy men" / Samuel M. Zwemer
260 _aChicago, ILL., USA : Instituto Moody
300 _a137 Pag
001 11961
942 _cBK
999 _c41012
_d41012
336 _atexto
_btxt
_2rdacontent
337 _2rdamedia
_asin mediación
_bn
338 _2rdacarrier
_avolumen
_bnc